Star Academy - les vainqueurs - Statistiques

Statistiques générales
  • Ce quiz a été pris 44 fois
  • Le résultat moyen est 7 sur 13
Statistiques - réponses
Année Vainqueur % Correct
Saison 1 - 2001 Jenifer
97%
Saison 4 - 2004 Grégory Lemarchal
82%
Saison 12 - 2025 Marine
79%
Saison 2 - 2002 Nolwenn Leroy
79%
Saison 11 - 2024 Pierre Garnier
79%
Saison 3 - 2003 Elodie Frégé
74%
Saison 10 - 2022 Anisha Jo
53%
Saison 7 - 2007 Quentin Mosimann
45%
Saison 13 - 2026 Amber Jadah
42%
Saison 5 - 2005 Magali Vaé
42%
Saison 6 - 2006 Cyril Cinélu
34%
Saison 8 - 2008 Mickels Réa
16%
Saison 9 - 2012 Laurène Bourvon
5%
Aucun quiz correspondant
Distribution des résultats
% des personnes avec chaque résultat
Percentile par nombre de réponses
Votre historique - résultats
Vous n’avez pas pris ce quiz